Województwa historycznych Kujaw - Statystyki

Ogólne statystyki
  • Ten quiz został rozwiązany 11 razy
  • Średni wynik to 4 z 4
Statystyki odpowiedzi
Województwo % % Poprawnych
kujawsko-pomorskie 29.7%
100%
mazowieckie 0.3%
100%
łódzkie 0.01%
91%
wielkopolskie 1.1%
91%
Nie znaleziono quizów pasujących do podanych kryteriów
Rozkład punktacji
Procent ludzi z każdym wynikiem
Percentyl według liczby udzielonych odpowiedzi
Twoja historia wyników
Nie rozwiązałeś tego quizu